| 000 | 01035nmm a2200289 a 4500 | ||
|---|---|---|---|
| 001 | ocm0001299483 | ||
| 003 | TR-IsHL | ||
| 005 | 20201028162212.0 | ||
| 008 | 160715s2014 tu tur | ||
| 007 | cr cn | ||
| 020 | _a9786054836581 | ||
| 035 |
_a1299483 _b(N$T) |
||
| 050 | 0 | 4 |
_aDR481 _b.W47 2014 |
| 090 | 0 | 4 |
_aDR481 _b.W47 2014 |
| 100 | 1 | _aWerner, Ernst | |
| 245 | 1 | 0 |
_aBüyük bir devletin doğuşu ; Osmanlılar 1300-1481 ; Osmanlı feodalizminin oluşum süreci _h[electronic resource] / _cErnst Werner ; Almancadan çevirenler Orhan Esen, Yılmaz Öner |
| 260 |
_aİstanbul : _bYordam Kitap, _c2014 |
||
| 300 | _a496 p. | ||
| 650 | 4 | _aTarih | |
| 650 | 4 | _aHistory | |
| 650 | 0 |
_aTürkiye _x Tarih _x Osmanlı İmparatorluğu |
|
| 650 | 0 |
_aTurkey _x History _x Ottoman Empire |
|
| 650 | 7 |
_aHISTORY / Middle East / Turkey & Ottoman Empire _2bisacsh |
|
| 700 | 1 | _aEsen, Orhan | |
| 700 | 1 | _aÖner, Yılmaz | |
| 856 | 4 | 0 | _uhttp://search.ebscohost.com/login.aspx?direct=true&scope=site&db=e011xww&AN=1299483 |
| 999 |
_c14599 _d14599 |
||